000 00207 a2200097 4500
001 57547
100 _a
245 _aKashful MehJoob
260 _aKarachi
_bFeroz Sons
_c2003
090 _c35277
_d35277
942 _aNUST-CAE
_cMONOGRAPH
_c28088
999 _c292620
_d292620